| Tag |
First Indicator |
Second Indicator |
Subfields |
| LEADER |
00000cam a2200000Ia 4500 |
| 001 |
in00002305708 |
| 005 |
20190326191640.0 |
| 006 |
m | d | |
| 007 |
cr |n||||||||n |
| 008 |
880720s1829 fr s 000 0 fre d |
| 035 |
|
|
|a (OCoLC)ocm18240214
|
| 040 |
|
|
|a NYG
|c GKR
|d OCL
|d Thomson Gale
|d UtOrBLW
|
| 043 |
|
|
|a e-fr---
|
| 100 |
1 |
|
|a Bouvier Du Molart, Louis,
|c baron,
|d 1780-1855.
|
| 245 |
1 |
0 |
|a Essai sur les moyens d'éteindre la mendicité /
|c par M. Bouvier du Molart.
|
| 264 |
|
1 |
|a Paris :
|b Delaunay,
|c 1829
|
| 264 |
|
3 |
|a Paris :
|b Fain
|
| 300 |
|
|
|a 31 pages ;
|c 21 cm.
|
| 336 |
|
|
|a text
|b txt
|2 rdacontent
|
| 337 |
|
|
|a computer
|b c
|2 rdamedia
|
| 338 |
|
|
|a online resource
|b cr
|2 rdacarrier
|
| 500 |
|
|
|a Reproduction of original from Kress Library of Business and Economics, Harvard University.
|
| 500 |
|
|
|a Goldsmiths'-Kress number 25987.2.
|
| 510 |
4 |
|
|a OCLC,
|c 18240214
|
| 533 |
|
|
|a Electronic reproduction.
|b Farmington Hills, Mich. :
|c Thomson Gale,
|d 2005.
|f (The making of the modern world).
|n Available via the World Wide Web.
|n Access limited to licensing agreements.
|7 s2005 miunns
|
| 500 |
|
|
|a Electronic resource.
|
| 650 |
|
0 |
|a Poverty.
|
| 650 |
|
0 |
|a Beggars
|z France.
|
| 651 |
|
0 |
|a France
|x Economic conditions.
|
| 651 |
|
0 |
|a France
|x Social conditions.
|
| 655 |
|
0 |
|a Electronic books.
|
| 830 |
|
0 |
|a Making of the modern world (Goldsmiths'-Kress Library of Economic Literature)
|
| 856 |
4 |
0 |
|u http://proxy.library.tamu.edu/login?url=http://galenet.galegroup.com/servlet/MOME?af=RN&ae=U104746531&srchtp=a&ste=14&locID=txshracd2898
|z Connect to the full text of this electronic book
|t 0
|
| 999 |
|
|
|a MARS
|
| 999 |
f |
f |
|s 806c9972-e814-3d81-8b4b-d59430626aa7
|i 0d98e054-a8e0-39b3-90fd-f4962fe7462a
|t 0
|
| 952 |
f |
f |
|a Texas A&M University
|b College Station
|c Electronic Resources
|d Available Online
|t 0
|h No information provided
|
| 998 |
f |
f |
|t 0
|l Available Online
|